000 00388nam a2200145Ia 4500
005 20251222141854.0
008 251222s9999||||xx |||||||||||||| ||spa||
020 _a9786124768132
082 _a365.985/S66/Ej.2
100 _aSolís Espinoza, Alejandro
245 0 _aCiencia Penitenciaria y Derecho de Ejecución Penal
250 _a6a. ed.
264 _bFFECAAT Editorial
942 _cLIB
999 _c7815
_d7815